00523nmm a2200169Ia 4500008004100000020001800041041000800059100003100067245001700098264007600115300001800191490001500209650002200224700003100246700002500277856005100302251105s9999||||xx |||||||||||||||||und|| a9788490279410 abaq aUsandizaga Lopez, Aintzane 0aKabitu ezina a[Madrid, España] :bElkar, c[Fecha de publicación no identificada] a120 páginas aLiteratura aSpanish narrative aUsandizaga Lopez, Aintzane1 a Aguado Sierra, Pili uhttps://public.digitaliapublishing.com/a/98300